| 000 | 01163cam a2200385Ia 4500 | ||
|---|---|---|---|
| 001 | 83716 | ||
| 005 | 20230410101801.0 | ||
| 008 | 090710s2007 nq 000 0dspa | ||
| 035 | _a(OCoLC)ocn423705266 | ||
| 040 |
_aCDS _cCDS _dOCLCQ |
||
| 020 | _a999247114X | ||
| 020 | _a9789992471142 | ||
| 035 | _a(OCoLC)423705266 | ||
| 043 | _ancnq--- | ||
| 050 | 1 | 4 |
_a113 F 1526.3 _bG464j 2007 |
| 082 | 0 | 0 | _a972.8505 |
| 100 | 1 |
_aGilbert, Gregorio Urbano, _d1899-1970. |
|
| 245 | 1 | 0 |
_aJunto a Sandino / _cGregorio U. Gilbert. |
| 260 |
_aManagua : _bAmerrisque, _c[2007] |
||
| 300 |
_a408 p. ; _c22 cm. |
||
| 490 | 1 |
_aColeccion Sandino. _aSerie: Testimonios |
|
| 500 | _aCover title. | ||
| 500 | _a"Mayo del 2007." | ||
| 650 | 4 | _aCFB | |
| 650 | 4 | _aColección Font Bernard. | |
| 651 | 0 |
_aNicaragua _xHistory _y1909-1937. |
|
| 651 | 0 |
_aNicaragua _xHistory, Military. |
|
| 600 | 1 | 0 |
_aSandino, Augusto Cesar, _d1895-1934. |
| 651 | 4 |
_aNicaragua _xHistoria*1937 |
|
| 600 | 1 | 4 |
_aSandino, Augusto César, 1895-1934 _xCorrespondencias, memorias, etc |
| 830 | 0 | _aColeccion Sandino. Testimonios. | |
| 942 |
_2lcc _cbk |
||
| 994 |
_aC0 _bDRFGD |
||
| 946 | _arpeña | ||
| 999 |
_c13970 _d13970 |
||